Retrouve le prénom par rapport aux noms de famille de fiction - Statistiques

Statistiques générales
  • Ce quiz a été pris 69 fois
  • Le résultat moyen est 9 sur 15
Statistiques - réponses
Noms de famille Prénom % Correct
Callahan Osborn Potter Harry
94%
DawsonFrost
Sparrow
Jack
94%
Bombadil Jedusor Sawyer Tom
94%
Pan ParkerQuill Peter
90%
Corleone Montana Stark Tony
82%
Bolkonskaïa Cuddy Simpson Lisa
81%
BovaryIngalls
Xavier
Charles
74%
Morgan PendragonWeasley Arthur
71%
IngallsKinney
Palmer
Laura
45%
GamegieTarly
Winchester
Sam
42%
ConnorKerrigan Zhyle Sarah
39%
Heartfilia PevensieWestenra Lucy
29%
Berry Dawes Green Rachel
26%
Dunphy Linus Russo Alex
18%
Bennet Dunphy Littleton Claire
16%
Aucun quiz correspondant
Distribution des résultats
% des personnes avec chaque résultat
Percentile par nombre de réponses
Votre historique - résultats
Vous n’avez pas pris ce quiz